Fuerzas armadas y estado de excepción en América Latina

保存先:
書誌詳細
第一著者: Carranza, Mario Esteban
フォーマット: テキスト
出版事項: México D.F: Siglo XXI
タグ: タグ追加
タグなし, このレコードへの初めてのタグを付けませんか!

MARC

LEADER 00000 a a2200000 04500
001 23875
003
040
020 |a 968-23-0108-4  
090 |a 164400  
100 |a Carranza, Mario Esteban  
245 |a Fuerzas armadas y estado de excepción en América Latina  
260 |a México D.F:   |b Siglo XXI  
300 |a 269 p   |b **no definido**  
999 |c 1555  |d 1555